| 000 | 00895cam a2200265 a 4500 | ||
|---|---|---|---|
| 999 |
_c9601 _d9601 |
||
| 001 | 1616509 | ||
| 003 | OSt | ||
| 005 | 20210118161640.0 | ||
| 008 | 950629s1995 miu b 000 0 eng | ||
| 010 | _a 95034024 | ||
| 020 | _a0929239954 | ||
| 040 |
_aDLC _cDLC _dDLC |
||
| 050 | 0 | 0 |
_aHQ759 _b.B626 1995 |
| 082 | 0 | 0 |
_a305.4 _220 |
| 100 | 1 | _aBly, Janet. | |
| 245 | 1 | 4 |
_aThe heart of a runaway : _bhope and understanding for the woman who longs to escape / _cJanet Chester Bly. |
| 260 |
_aGrand Rapids, MI : _bDiscovery House Publishers, _cc1995. |
||
| 300 |
_a223 p. ; _c21 cm. |
||
| 504 | _aIncludes bibliographical references. | ||
| 650 | 0 | _aRunaway wives. | |
| 650 | 0 |
_aRunaway wives _xReligious life. |
|
| 906 |
_a7 _bcbc _corignew _d1 _eocip _f19 _gy-gencatlg |
||
| 942 |
_2ddc _cBK |
||